000 00897nam a2200217 a 4500
003 0
005 20250205144158.0
008 130905s19uu xx 00 eng d
050 _aPHS HM 742
_b.R457 2013
100 _aReyes, Rico Miguel R.
245 _aThe extent of self-expression in social media among the male and female fourth year students of Southville International School and Colleges /
_cRico Miguel R. Reyes.
260 _aLas PiƱas City, Philippines :
_bSouthville International School and Colleges,
_c2013.
300 _a27 pages :
_billustrations ;
_c28 cm.
504 _aIncludes bibliographical references.
650 _aSocial media
_vPsychological aspects.
650 _aSelf-expression
_vSocial aspects.
650 _aOnline identity
_vGender differences.
650 _aInternet and youth
_vCommunication.
650 _aSocial networks
_vGender studies.
942 _2lcc
_cPASS
999 _c99097
_d99097